LEADER 01199nam a2200229 i 4500 001 000000154188 003 CaOOAMICUS 005 20061011000000.0 008 061011s1931 it u000 u fre u 013 $a131534 040 $aSeMil$bita 100 1 $aMâle, Emile.$0(OLS)http://semarc/name/36447 245 12$aL'art religieux du 13. siècle en France :$bétude sur l'iconographie du moyen age et sur ses sources d'inspiration /$cEmile Mâle de l'Academie française et de l'Académie des Inscriptions et Belles-Lettres. 250 $aseptième édition. 260 $aParis :$bArmand Colin,$c1931. 300 $aix, 421 p. :$bill. ;$c29 cm. 500 $aIn mezzo al front : ouvrage couronné par l'Académie des Inscriptions et Belles-Lettres et par l'Académie française. 650 4$aFrancia - Arte religiosa.$0(OLS)http://semarc/subject/30178 850 $aSeMil 852 $aSeMil$W1$xVenegono$y1$m5N IX 3$j106051$B106051$CSeMilBibl$Z2$F115263 $8I 996 $6245$aL'art religieux du 13. siècle en France :$bétude sur l'iconographie du moyen age et sur ses sources d'inspiration$9(OLS)http://semarc/title/225637 996 $6260$aParis :$bArmand Colin$9(OLS)http://semarc/publisher/34808 LEADER 01097nam a2200265 i 4500 001 000000236400 003 CaOOAMICUS 005 20141201000000.0 008 141201n it u000 u ita u 013 $a215304 020 $a88-7684-416-3 040 $aSeMil$bita 100 1 $aVázquez Montalbán, Manuel.$0(OLS)http://semarc/name/42299 240 10$aPasionaria y los siete enanitos.$0(OLS)http://semarc/title/336897 245 10$aPasionaria e i sette nani /$cManuel Vázquez Montalbán ; a cura di Hado Lyria. 260 $aMilano :$bFrassinelli,$cc 1997. 300 $aVII, 341 p. ;$c21 cm. 650 4$aIbarruri, Dolores.$0(OLS)http://semarc/subject/41965 700 1 $aLyria, Hado.$0(OLS)http://semarc/name/42300 850 $aSeMil 852 $aSeMil$W1$xVenegono$y1$m3U V 460$j186746$B186746$CSeMilBibl$Z2$F198049 $81 961 $aLascito: Serenthà don Mario 996 $6020$a88-7684-416-3$9(OLS)http://semarc/number/241487 996 $6245$aPasionaria e i sette nani$9(OLS)http://semarc/title/336896 996 $6260$aMilano :$bFrassinelli$9(OLS)http://semarc/publisher/32313